[Event "8th ITLukavac 2019"]
[Site "Lukavac, hotel Lukavac"]
[Date "2019.11.25"]
[Round "7"]
[Board "14"]
[White "Tomic, Jelena"]
[Black "Jovovic, Milan"]
[Result "0-1"]
[WhiteElo "1961"]
[BlackElo "2061"]
[PlyCount "82"]
[EventDate "2019.11.22"]
[EventRounds "7"]
[EventCountry "BIH"]

1. e4 e6 2. d4 d5 3. e5 c5 4. c3 Qb6 5. a3 a5 6. b3 cxd4 7. cxd4 Bd7 8. Nc3 Ne7
9. Nf3 Nbc6 10. Be2 Nf5 11. Na4 Qa7 12. Bb2 Rb8 13. g4 Nh6 14. h3 f6 15. Nc3
fxe5 16. dxe5 Nf7 17. O-O Be7 18. b4 axb4 19. axb4 Qb6 20. b5 Na5 21. Na4 Qd8
22. Bd4 Nc4 23. Bxc4 dxc4 24. Bb6 Qc8 25. Ba7 Bxb5 26. Bxb8 Qxb8 27. Nd4 Bd7
28. Nb6 Qc7 29. Nxd7 Qxd7 30. Nf3 b5 31. Ra8+ Nd8 32. Qe2 Qb7 33. Rfa1 Qd5 34.
R8a5 O-O 35. Nd2 Nc6 36. Ra6 Nd4 37. Qf1 c3 38. Qg2 Ne2+ 39. Kh1 Qxg2+ 40. Kxg2
cxd2 41. Kf1 Nc1  0-1

[Event "8th ITLukavac 2019"]
[Site "Lukavac, hotel Lukavac"]
[Date "2019.11.25"]
[Round "7"]
[Board "15"]
[White "Sabic, Muris"]
[Black "Pasalic, Adnan"]
[Result "1-0"]
[WhiteElo "1941"]
[BlackElo "2029"]
[PlyCount "87"]
[EventDate "2019.11.22"]
[EventRounds "7"]
[EventCountry "BIH"]

1. e4 e6 2. d3 d5 3. Nd2 Nf6 4. Ngf3 b6 5. e5 Nfd7 6. d4 c5 7. c3 cxd4 8. cxd4
Be7 9. Bd3 Ba6 10. Bxa6 Nxa6 11. a3 O-O 12. O-O b5 13. b4 Nb6 14. Nb3 Nc4 15.
Nc5 Nxc5 16. bxc5 Qc7 17. Bf4 a5 18. Qb3 Qc6 19. Ra2 Rfb8 20. Rb1 h6 21. h3 Rb7
22. Ne1 Bd8 23. Nd3 Bc7 24. Qd1 Rab8 25. Bd2 Bd8 26. Qe1 Qc7 27. f4 Qe7 28. Qg3
Kh8 29. f5 exf5 30. Nf4 Qg5 31. Qf3 Nxd2 32. Rxd2 b4 33. a4 b3 34. Rdb2 Rb4 35.
Nxd5 Rxd4 36. Nb6 Bxb6 37. Rxb3 Rb4 38. cxb6 R8xb6 39. Rxb4 Rxb4 40. Rf1 Rxa4
41. Qb3 Re4 42. Ra1 Rxe5 43. Qb8+ Kh7 44. Qxe5  1-0

[Event "8th ITLukavac 2019"]
[Site "Lukavac, hotel Lukavac"]
[Date "2019.11.25"]
[Round "7"]
[Board "17"]
[White "Mesic, Ismet"]
[Black "Pleh, Semir"]
[Result "1/2-1/2"]
[WhiteElo "1964"]
[BlackElo "1815"]
[PlyCount "140"]
[EventDate "2019.11.22"]
[EventRounds "7"]
[EventCountry "BIH"]

1. d4 Nf6 2. c4 d5 3. Nc3 e6 4. Nf3 Bb4 5. Bg5 O-O 6. cxd5 exd5 7. Qc2 h6 8.
Bxf6 Qxf6 9. e3 c6 10. Bd3 Bd6 11. O-O-O Bg4 12. Kb1 Na6 13. a3 b5 14. e4 Bxf3
15. gxf3 Qxf3 16. exd5 cxd5 17. Bxb5 Nc7 18. Qe2 Qf5+ 19. Bd3 Qd7 20. Rhg1 Rab8
21. Ka2 Bxh2 22. Rg2 Bf4 23. Rdg1 g5 24. Qh5 f6 25. Rg4 Bd2 26. Nb1 Ba5 27.
Qxh6 Ne6 28. Qg6+ Qg7 29. Qf5 Qd7 30. f4 Kf7 31. fxg5 Ke7 32. Qh7+ Kd6 33. Qh2+
Kc6 34. gxf6 Qb7 35. Qc2+ Kd6 36. Qh2+ Kc6 37. Qc2+ Kd6 38. f7 Rxf7 39. Rg6 Ke7
40. Qe2 Qb3+ 41. Ka1 Rb6 42. R1g3 Qa4 43. Re3 Rf6 44. Rxf6 Kxf6 45. Rf3+ Ke7
46. Re3 Qxd4 47. Bf5 Qf6 48. Bxe6 Rxe6 49. Rxe6+ Qxe6 50. Qxe6+ Kxe6 51. b4 Bb6
52. Kb2 Ke5 53. Kc2 Kd4 54. Nd2 Bc7 55. Nf3+ Ke3 56. Ne1 Ke2 57. Nd3 Bg3 58. a4
d4 59. Nc1+ Ke3 60. Nd3 Ke4 61. Nc5+ Kd5 62. Kd3 Bd6 63. Nb3 Bxb4 64. Nxd4 Be1
65. Nb5 a5 66. Na3 Kc5 67. Nc4 Kb4 68. Nxa5 Kxa5 69. Kc2 Kb4 70. Kd3 Kxa4
 1/2-1/2

[Event "8th ITLukavac 2019"]
[Site "Lukavac, hotel Lukavac"]
[Date "2019.11.25"]
[Round "7"]
[Board "18"]
[White "Stavnjak, Lazar"]
[Black "Yurdakul, Didem Nuray"]
[Result "1-0"]
[WhiteElo "2207"]
[BlackElo "1756"]
[PlyCount "97"]
[EventDate "2019.11.22"]
[EventRounds "7"]
[EventCountry "BIH"]

1. e4 c5 2. Nf3 d6 3. c4 Nc6 4. d4 cxd4 5. Nxd4 Nf6 6. Nc3 g6 7. Be2 Bg7 8. Be3
Nxd4 9. Bxd4 O-O 10. O-O Be6 11. b3 Qa5 12. Rc1 Rfc8 13. f3 a6 14. a4 Nd7 15.
Bxg7 Kxg7 16. Qd4+ Qe5 17. Qxe5+ dxe5 18. Rb1 Nb8 19. Nd5 Bxd5 20. exd5 Nd7 21.
a5 f5 22. Rfd1 Nf6 23. Kf2 e4 24. Ke3 Rc7 25. Kd4 Rd8 26. fxe4 Nxe4 27. Bf3 Ng5
28. Re1 Nf7 29. Re6 Ng5 30. Rb6 Rcd7 31. h4 Nf7 32. Re6 g5 33. Bh5 gxh4 34.
Rbe1 Ng5 35. Rxe7+ Kf6 36. Rxd7 Rxd7 37. c5 h3 38. gxh3 Nxh3 39. d6 Ng5 40. Kd5
Ne4 41. Rc1 Rd8 42. b4 Kg5 43. Bf3 Kf4 44. Bxe4 fxe4 45. Rf1+ Kg4 46. Kxe4 h5
47. Rg1+ Kh3 48. Kd5 Kh2 49. Rg7  1-0

[Event "8th ITLukavac 2019"]
[Site "Lukavac, hotel Lukavac"]
[Date "2019.11.25"]
[Round "7"]
[Board "19"]
[White "Mahmutbegovic, Midhat"]
[Black "Mesic, Merim"]
[Result "0-1"]
[WhiteElo "2031"]
[BlackElo "1752"]
[PlyCount "86"]
[EventDate "2019.11.22"]
[EventRounds "7"]
[EventCountry "BIH"]

1. e4 e6 2. d4 d5 3. exd5 exd5 4. Bd3 h6 5. Nf3 Nf6 6. O-O Be7 7. Ne5 O-O 8.
Nd2 c5 9. c3 Nc6 10. Ndf3 Bd6 11. Nxc6 bxc6 12. h3 Qc7 13. dxc5 Bxc5 14. Re1
Bd6 15. Qa4 Nh7 16. Bd2 Bd7 17. Qh4 Qd8 18. Qxd8 Raxd8 19. Ne5 Bxe5 20. Rxe5
Rfe8 21. Rae1 Rxe5 22. Rxe5 Nf6 23. Be3 Be6 24. b4 Nd7 25. Rh5 f6 26. a4 Ne5
27. Be2 Kh7 28. Rh4 g5 29. Rd4 Rd7 30. a5 Kg7 31. Rd1 Rf7 32. Kf1 g4 33. hxg4
Bxg4 34. Bxg4 Nxg4 35. Bd4 Kg6 36. Re1 Kf5 37. Re8 Ne5 38. Ra8 Re7 39. Rxa7 Re6
40. Rg7 h5 41. Rf7 Nxf7 42. a6 Re8 43. a7 Nd6  0-1

[Event "8th ITLukavac 2019"]
[Site "Lukavac, hotel Lukavac"]
[Date "2019.11.25"]
[Round "7"]
[Board "21"]
[White "Mujcinovic, Muharem"]
[Black "Zivkovic, Milenko"]
[Result "1/2-1/2"]
[WhiteElo "1770"]
[BlackElo "1971"]
[PlyCount "134"]
[EventDate "2019.11.22"]
[EventRounds "7"]
[EventCountry "BIH"]

1. e4 e5 2. Nc3 Nc6 3. Nf3 Nf6 4. h3 d5 5. exd5 Nxd5 6. Bc4 Nxc3 7. bxc3 e4 8.
Nh2 Qg5 9. Ng4 h5 10. Ne3 Bc5 11. Kf1 Rh6 12. d4 exd3 13. Bxd3 Re6 14. Ng4 Qe7
15. Nh2 Qf6 16. Nf3 Qxc3 17. Rb1 Bb6 18. Bd2 Qc5 19. Be3 Qd6 20. Ng5 Rxe3 21.
fxe3 Bxe3 22. Qe2 Qf4+ 23. Nf3 Nd4 24. Qd1 h4 25. c3 Qg3 26. Qe1 Nxf3 27. Qxe3+
Ne5 28. Qxg3 hxg3 29. Be4 Rb8 30. Ke2 b6 31. Ke3 g5 32. Kd4 f6 33. Rbe1 c5+ 34.
Ke3 Ke7 35. Bd5 Bf5 36. Rhf1 Bg6 37. a4 Rd8 38. c4 Bd3 39. Rg1 Bxc4 40. Bxc4
Nxc4+ 41. Kf3+ Ne5+ 42. Kxg3 Rd3+ 43. Kh2 Rd2 44. Re3 Ra2 45. Re4 Ke6 46. Rge1
Kd5 47. Kg1 c4 48. h4 gxh4 49. Rxh4 Rxa4 50. Rf4 Nd7 51. Rd1+ Ke5 52. g3 Ke6
53. Rb1 a6 54. Re1+ Ne5 55. Ref1 Nd7 56. Re1+ Kd6 57. Rd4+ Kc5 58. Rxd7 b5 59.
Re6 f5 60. Kf2 Ra2+ 61. Kf3 c3 62. Re3 b4 63. Re5+ Kc6 64. Rdd5 b3 65. Rc5+ Kd6
66. Red5+ Ke6 67. Re5+ Kd6  1/2-1/2

[Event "8th ITLukavac 2019"]
[Site "Lukavac, hotel Lukavac"]
[Date "2019.11.25"]
[Round "7"]
[Board "22"]
[White "Selimovic, Amir"]
[Black "Sajin, Mirko"]
[Result "1/2-1/2"]
[WhiteElo "1958"]
[BlackElo "1679"]
[PlyCount "130"]
[EventDate "2019.11.22"]
[EventRounds "7"]
[EventCountry "BIH"]

1. e4 c5 2. Nc3 Nc6 3. f4 g6 4. Nf3 Bg7 5. Bb5 d6 6. Bxc6+ bxc6 7. d3 Nh6 8.
O-O O-O 9. Qe1 f6 10. b3 Nf7 11. Bb2 f5 12. e5 dxe5 13. Nxe5 Nxe5 14. fxe5 Qd4+
15. Kh1 Qxe5 16. Qf2 Qd6 17. Na4 Bxb2 18. Nxb2 Qd4 19. Na4 Qxf2 20. Rxf2 c4 21.
dxc4 e5 22. Nc5 Rf6 23. Rd1 Kf7 24. Rd8 Ke7 25. Rh8 h5 26. Rd2 Rf8 27. Rxf8
Kxf8 28. Rd8+ Ke7 29. Rg8 Kf6 30. Kg1 Bb7 31. Nd7+ Ke6 32. Nc5+ Kf6 33. Nd7+
Ke6 34. Rg7 Bc8 35. Nc5+ Kd6 36. Nd3 Be6 37. Rxg6 Rg8 38. c5+ Ke7 39. Rxg8 Bxg8
40. Nxe5 Bd5 41. c4 Be4 42. Ng6+ Kf6 43. Nf4 Ke5 44. Ne2 Bb1 45. Nc3 Bc2 46.
Kf2 Kd4 47. Ne2+ Kxc5 48. Ke3 Kb4 49. g3 Ka3 50. Nc3 a5 51. h3 Bxb3 52. axb3
Kxb3 53. Kd4 c5+ 54. Kxc5 Kxc3 55. Kb5 a4 56. c5 a3 57. c6 a2 58. c7 a1=Q 59.
c8=Q+ Kd2 60. Qxf5 Qb2+ 61. Kc6 Qc3+ 62. Kd5 Qxg3 63. Qxh5 Ke3 64. Qg4 Qxg4 65.
hxg4 Kf4  1/2-1/2

[Event "8th ITLukavac 2019"]
[Site "Lukavac, hotel Lukavac"]
[Date "2019.11.25"]
[Round "7"]
[Board "23"]
[White "Imamovic, Samir"]
[Black "Lazic, Emanuel"]
[Result "0-1"]
[WhiteElo "1954"]
[BlackElo "1549"]
[PlyCount "88"]
[EventDate "2019.11.22"]
[EventRounds "7"]
[EventCountry "BIH"]

1. d4 Nf6 2. Nf3 c5 3. e3 cxd4 4. exd4 d5 5. c3 e6 6. Ne5 Nc6 7. Bb5 Bd7 8. Qa4
Nxe5 9. dxe5 Bxb5 10. Qxb5+ Qd7 11. Qxd7+ Nxd7 12. Bf4 Nc5 13. O-O Nd3 14. Bg3
Nxb2 15. Nd2 O-O-O 16. Rab1 Nc4 17. Nb3 Kb8 18. f4 g6 19. Rfd1 Rc8 20. Bf2 h5
21. a4 Rg8 22. h4 Na3 23. Rbc1 Rc4 24. Rd4 Be7 25. a5 a6 26. g3 Rgc8 27. Rd3
Nb5 28. Kg2 Rxc3 29. Rdxc3 Rxc3 30. Rb1 Rc2 31. Kf3 Na3 32. Re1 Rc3+ 33. Re3
Rxe3+ 34. Bxe3 Nc4 35. Bf2 Bb4 36. g4 Nd2+ 37. Nxd2 Bxd2 38. Bb6 Be1 39. gxh5
gxh5 40. f5 Bxh4 41. fxe6 fxe6 42. Kf4 Kc8 43. Bd4 Kd7 44. Bb6 Bd8  0-1

[Event "8th ITLukavac 2019"]
[Site "Lukavac, hotel Lukavac"]
[Date "2019.11.25"]
[Round "7"]
[Board "24"]
[White "Bakula, Dalibor"]
[Black "Culum, Sanjin"]
[Result "1/2-1/2"]
[WhiteElo "1759"]
[BlackElo "1931"]
[PlyCount "83"]
[EventDate "2019.11.22"]
[EventRounds "7"]
[EventCountry "BIH"]

1. d4 Nf6 2. c4 g6 3. Nc3 Bg7 4. e4 d6 5. Be2 O-O 6. Nf3 e5 7. O-O Nc6 8. d5
Ne7 9. b4 a5 10. b5 h6 11. a4 Nd7 12. Ne1 f5 13. f3 f4 14. g4 fxg3 15. hxg3 Nf6
16. Kg2 g5 17. Rh1 Ng6 18. Nd3 b6 19. Be3 Nd7 20. Qd2 Qf6 21. Raf1 Nc5 22. Nxc5
bxc5 23. Nd1 Kf7 24. Nf2 Nf4+ 25. Bxf4 gxf4 26. g4 Rh8 27. Rh5 Bd7 28. Rfh1 Ke7
29. Qe1 Be8 30. R5h2 h5 31. Qg1 Bf7 32. Kf1 hxg4 33. Nxg4 Qg5 34. Rxh8 Rxh8 35.
Rxh8 Bxh8 36. Qh2 Bg7 37. Qh3 Qh5 38. Qxh5 Bxh5 39. Kg2 Bxg4 40. fxg4 Kf6 41.
Bd3 Kg5 42. Kf3  1/2-1/2

[Event "8th ITLukavac 2019"]
[Site "Lukavac, hotel Lukavac"]
[Date "2019.11.25"]
[Round "7"]
[Board "25"]
[White "Mrkovic, Nikola"]
[Black "Zenelaj, Fisnik"]
[Result "0-1"]
[WhiteElo "1555"]
[BlackElo "1901"]
[PlyCount "82"]
[EventDate "2019.11.22"]
[EventRounds "7"]
[EventCountry "BIH"]

1. e4 c5 2. Nf3 d6 3. d4 cxd4 4. Nxd4 Nf6 5. Nc3 a6 6. a4 e6 7. Nb3 Be7 8. Be2
O-O 9. O-O Nc6 10. Be3 Bd7 11. f3 Rc8 12. Qd2 Ne5 13. Bf4 Nc4 14. Bxc4 Rxc4 15.
Kh1 e5 16. Be3 Be6 17. Rfd1 Qc7 18. Qf2 Rb4 19. Nd5 Nxd5 20. exd5 Bf5 21. Qd2
a5 22. Rdc1 Rc8 23. Ra3 b6 24. c3 Rc4 25. Qf2 Rb8 26. Nd2 Rh4 27. g3 Rb4 28.
Nb3 Rc4 29. Nd2 b5 30. Nxc4 bxc4 31. Rd1 Qb7 32. Bc1 Bd3 33. b3 Qxd5 34. bxc4
Qxc4 35. Qa2 d5 36. Qxc4 Bxc4 37. Ra1 Be2 38. Re1 Bxf3+ 39. Kg1 e4 40. Bf4 Rb2
41. Rab1 Bc5+  0-1

[Event "8th ITLukavac 2019"]
[Site "Lukavac, hotel Lukavac"]
[Date "2019.11.25"]
[Round "7"]
[Board "26"]
[White "Muhibic, Cazim"]
[Black "Pavicic, Karlo"]
[Result "1-0"]
[WhiteElo "1830"]
[BlackElo "1535"]
[PlyCount "111"]
[EventDate "2019.11.22"]
[EventRounds "7"]
[EventCountry "BIH"]

1. e4 e5 2. Nf3 Nc6 3. Bc4 Bc5 4. d3 Nf6 5. O-O O-O 6. a3 d6 7. h3 h6 8. Nc3
Be6 9. Bxe6 fxe6 10. Na4 Bb6 11. Nxb6 axb6 12. c3 Qd7 13. Nh2 Rf7 14. Ng4 Kh7
15. Be3 Raf8 16. Nh2 d5 17. f3 d4 18. cxd4 exd4 19. Bd2 Nh5 20. Qe1 Ne5 21. Qb1
Qb5 22. Rd1 Nf4 23. Bxf4 Rxf4 24. Ng4 Nxg4 25. hxg4 Qb3 26. Rd2 c5 27. Qc2 Qxc2
28. Rxc2 Ra8 29. Kf2 Rff8 30. Rh1 Kg6 31. Rh5 Rfc8 32. f4 Kf6 33. g3 Rc6 34.
e5+ Kg6 35. Kf3 b5 36. Rch2 c4 37. g5 Rh8 38. g4 c3 39. bxc3 dxc3 40. Rc2 Ra8
41. gxh6 gxh6 42. Rch2 Rh8 43. Rc2 Rhc8 44. Rh1 Ra8 45. Rb1 Rxa3 46. Rxb5 b6
47. Rb1 Ra7 48. Rb3 Rac7 49. Ke4 Rc5 50. Rxb6 Kf7 51. Rb8 R5c6 52. f5 Rc5 53.
Rd8 Rb5 54. d4 Rb1 55. fxe6+ Kxe6 56. Rd6+  1-0

[Event "8th ITLukavac 2019"]
[Site "Lukavac, hotel Lukavac"]
[Date "2019.11.25"]
[Round "7"]
[Board "27"]
[White "Music, Edin"]
[Black "Softic, Kasim"]
[Result "1-0"]
[WhiteElo "1479"]
[BlackElo "1813"]
[PlyCount "43"]
[EventDate "2019.11.22"]
[EventRounds "7"]
[EventCountry "BIH"]

1. e4 c5 2. Nf3 d6 3. d4 cxd4 4. Nxd4 a6 5. Nc3 e6 6. Be3 Be7 7. Qd2 Nf6 8. f3
Qc7 9. Bd3 Nbd7 10. g4 Ne5 11. h4 Nc4 12. Bxc4 Qxc4 13. O-O-O b5 14. h5 b4 15.
Nb1 Qxa2 16. Qxb4 d5 17. Qc3 dxe4 18. Qc6+ Nd7 19. Qxa8 O-O 20. Nb3 Ne5 21.
Qxe4 Bf6 22. Nc3  1-0

[Event "8th ITLukavac 2019"]
[Site "Lukavac, hotel Lukavac"]
[Date "2019.11.25"]
[Round "7"]
[Board "29"]
[White "Mulic, Sulejman"]
[Black "Huremovic, Fadil"]
[Result "1-0"]
[WhiteElo "1892"]
[BlackElo "1795"]
[PlyCount "147"]
[EventDate "2019.11.22"]
[EventRounds "7"]
[EventCountry "BIH"]

1. e4 c5 2. c4 Nc6 3. Nc3 e6 4. g3 Nf6 5. Bg2 Be7 6. Nge2 O-O 7. O-O d6 8. d3
a6 9. a4 Rb8 10. h3 h6 11. f4 Nd4 12. Be3 e5 13. fxe5 dxe5 14. Nd5 Be6 15. Nec3
Nxd5 16. exd5 Bc8 17. Kh2 f5 18. Rf2 Bd6 19. Qh5 f4 20. gxf4 exf4 21. Bxd4 cxd4
22. Be4 Qf6 23. Rg1 Bf5 24. Bxf5 dxc3 25. Be6+ Kh7 26. bxc3 b5 27. axb5 axb5
28. cxb5 Rxb5 29. Kh1 Qxe6 30. c4 Ra5 31. Ra2 Rf5 32. Qg4 Qf6 33. Rxa5 Rg5 34.
Qf3 Bc7 35. Qe4+ g6 36. Raa1 Be5 37. Rae1 Rxg1+ 38. Rxg1 h5 39. Qf3 Bd4 40. Re1
Qh4 41. Re2 Qg5 42. Rg2 Qh4 43. Kh2 Qf6 44. Re2 Qg5 45. Qg2 Qf5 46. Qf3 Qg5 47.
Rg2 Qf6 48. Re2 Qg5 49. Re1 Kg7 50. Qg2 Qh4 51. Re6 Bf6 52. d6 Bg5 53. d7 Kf7
54. Re8 Kg7 55. c5 Be7 56. c6 Qf6 57. Qe2 Bd6 58. Qf3 Bc7 59. Kg2 Qb2+ 60. Qe2
f3+ 61. Kxf3 Qf6+ 62. Kg2 Qg5+ 63. Kf1 Qc1+ 64. Qe1 Qf4+ 65. Qf2 Qc1+ 66. Qe1
Qf4+ 67. Kg2 Qh2+ 68. Kf3 Qf4+ 69. Ke2 Qd4 70. d8=Q Bxd8 71. Kf3 Qxd3+ 72. Qe3
Qf5+ 73. Kg2 Bg5 74. Qe5+  1-0

[Event "8th ITLukavac 2019"]
[Site "Lukavac, hotel Lukavac"]
[Date "2019.11.25"]
[Round "7"]
[Board "30"]
[White "Imamovic, Smajl"]
[Black "Smajic, Ervin"]
[Result "1-0"]
[WhiteElo "1890"]
[BlackElo "1553"]
[PlyCount "117"]
[EventDate "2019.11.22"]
[EventRounds "7"]
[EventCountry "BIH"]

1. e4 c6 2. Nf3 d5 3. Nc3 dxe4 4. Nxe4 Bf5 5. Ng3 Bg6 6. Bc4 e6 7. d3 Bd6 8.
Ne2 h6 9. Nf4 Bh7 10. O-O Bxf4 11. Bxf4 Nf6 12. Be5 O-O 13. a4 Nbd7 14. Bc3 Nd5
15. Bd2 Qc7 16. Nh4 N7f6 17. f4 Qb6+ 18. Kh1 Ne3 19. Bxe3 Qxe3 20. Rf3 Qd4 21.
Rb1 Ng4 22. Qe2 Rae8 23. c3 Qb6 24. Rbf1 Qc7 25. Rg3 Nf6 26. Qf3 Nd5 27. Qg4 f5
28. Qh5 Kh8 29. Ng6+ Bxg6 30. Qxg6 Qf7 31. Bxd5 exd5 32. Qd6 Re6 33. Qb4 Rfe8
34. Rgf3 Qe7 35. Qd4 b6 36. h3 Re1 37. Kh2 Qh4 38. Rg3 Qf6 39. Rxe1 Rxe1 40.
Qxf6 gxf6 41. Rg6 Re6 42. Rxh6+ Kg7 43. Rh5 Kg6 44. Rh8 c5 45. Ra8 Re7 46. Rd8
Re2 47. b4 cxb4 48. cxb4 Rb2 49. a5 Rxb4 50. Rxd5 bxa5 51. Rxa5 Rxf4 52. Rxa7
Rd4 53. Ra3 Kg5 54. Rc3 f4 55. Kg1 f5 56. Kf2 Kh4 57. Kf3 Kg5 58. Ke2 Kh4 59.
Rc4  1-0

[Event "8th ITLukavac 2019"]
[Site "Lukavac, hotel Lukavac"]
[Date "2019.11.25"]
[Round "7"]
[Board "32"]
[White "Hasanovic, Mustafa"]
[Black "Mahmutovic, Edin"]
[Result "1-0"]
[WhiteElo "1833"]
[BlackElo "1611"]
[PlyCount "99"]
[EventDate "2019.11.22"]
[EventRounds "7"]
[EventCountry "BIH"]

1. c4 f5 2. Nc3 e6 3. Nf3 c6 4. d4 d5 5. e3 Nf6 6. Bd2 Bd6 7. c5 Bc7 8. h3 O-O
9. Bd3 Ne4 10. O-O b6 11. b4 Nd7 12. Ne2 Ndf6 13. a4 bxc5 14. bxc5 Nxd2 15.
Qxd2 a5 16. Rab1 Ne4 17. Qc1 Ba6 18. Bxa6 Rxa6 19. Nd2 Nxd2 20. Qxd2 Qg5 21. f4
Qh4 22. Rb7 Qd8 23. Rfb1 Ra8 24. Kh1 Rb8 25. Ng1 Rxb7 26. Rxb7 Qc8 27. Qb2 Bd8
28. Nf3 Bf6 29. Qb6 Bd8 30. Qa7 Bf6 31. Ne5 Qa8 32. Nxc6 Qxa7 33. Rxa7 Bh4 34.
Kg1 Bg3 35. Kf1 h5 36. Rxa5 Kh7 37. Rb5 g5 38. a5 gxf4 39. exf4 Bxf4 40. a6 Kh6
41. a7 Ra8 42. Ke2 Kg5 43. Kf3 h4 44. Rb7 Bg3 45. Rb8 Bxb8 46. axb8=Q Rxb8 47.
Nxb8 Kf6 48. Kf4 e5+ 49. dxe5+ Ke6 50. c6  1-0

[Event "8th ITLukavac 2019"]
[Site "Lukavac, hotel Lukavac"]
[Date "2019.11.25"]
[Round "7"]
[Board "33"]
[White "Muratovic, Adnan"]
[Black "Habibovic, Hazim"]
[Result "0-1"]
[WhiteElo "1613"]
[BlackElo "1854"]
[PlyCount "70"]
[EventDate "2019.11.22"]
[EventRounds "7"]
[EventCountry "BIH"]

1. e4 d6 2. d4 g6 3. Nf3 Bg7 4. Bc4 Nf6 5. O-O O-O 6. Re1 Nc6 7. c3 e5 8. Nbd2
Nh5 9. Nb3 Bg4 10. d5 Ne7 11. Be2 f5 12. Ng5 Bxe2 13. Qxe2 Qd7 14. Ne6 Rf7 15.
exf5 Nxd5 16. fxg6 hxg6 17. Nxg7 Kxg7 18. Qd1 Ndf4 19. Be3 Raf8 20. Qd2 Rh8 21.
Rad1 Kg8 22. Qc2 Qe6 23. Qe4 Nf6 24. Qf3 N6h5 25. h3 e4 26. Qe2 Nd5 27. Nd4 Qe5
28. Bc1 Ndf6 29. Qc4 d5 30. Qc5 Nf4 31. Nf3 Qf5 32. Bxf4 exf3 33. Bg3 fxg2 34.
Kxg2 Qxh3+ 35. Kf3 Ne4+  0-1

[Event "8th ITLukavac 2019"]
[Site "Lukavac, hotel Lukavac"]
[Date "2019.11.25"]
[Round "7"]
[Board "34"]
[White "Colpa, Husein"]
[Black "Lukic, Djordje"]
[Result "1-0"]
[WhiteElo "1798"]
[BlackElo "1407"]
[PlyCount "57"]
[EventDate "2019.11.22"]
[EventRounds "7"]
[EventCountry "BIH"]

1. d4 d5 2. Nf3 Nf6 3. c4 dxc4 4. Qa4+ Bd7 5. Qxc4 e6 6. Bg5 Be7 7. Nbd2 O-O 8.
e4 h6 9. Bf4 Nc6 10. a3 Na5 11. Qc2 Nh5 12. Be3 b6 13. Bd3 Nb7 14. g4 Nf6 15.
g5 hxg5 16. Nxg5 Nh5 17. h4 c6 18. O-O-O c5 19. d5 exd5 20. exd5 Bg4 21. f3 Bc8
22. Bh7+ Kh8 23. Bg8 g6 24. Nxf7+ Rxf7 25. Bxf7 Nf6 26. Qxg6 Nh7 27. Ne4 Bf6
28. Ng5 Nxg5 29. hxg5+  1-0

[Event "8th ITLukavac 2019"]
[Site "Lukavac, hotel Lukavac"]
[Date "2019.11.25"]
[Round "7"]
[Board "35"]
[White "Lapo, Safet"]
[Black "Unuvar, Kaan"]
[Result "1/2-1/2"]
[WhiteElo "1760"]
[BlackElo "1144"]
[PlyCount "73"]
[EventDate "2019.11.22"]
[EventRounds "7"]
[EventCountry "BIH"]

1. c4 e6 2. Nc3 d5 3. cxd5 exd5 4. d4 Nf6 5. Bg5 c6 6. e3 Bd6 7. Nf3 Bg4 8. Be2
Nbd7 9. O-O O-O 10. Qc2 Qb6 11. Bh4 Rfe8 12. Bg3 Bxg3 13. hxg3 Rac8 14. Rac1
Bh5 15. Nh4 Bxe2 16. Qxe2 Nf8 17. Rc2 Ng6 18. Rfc1 Nxh4 19. gxh4 a6 20. b3 Rc7
21. Na4 Qa7 22. Nc5 Rce7 23. Qd3 Ne4 24. Nxe4 Rxe4 25. g3 Qb8 26. Kg2 Qd6 27.
Re1 h6 28. f3 R4e6 29. e4 dxe4 30. Rxe4 Rxe4 31. fxe4 Rd8 32. Rd2 c5 33. d5 Kf8
34. Qf3 Rd7 35. Qf5 Re7 36. Re2 Rd7 37. Qh7  1/2-1/2

[Event "8th ITLukavac 2019"]
[Site "Lukavac, hotel Lukavac"]
[Date "2019.11.25"]
[Round "7"]
[Board "38"]
[White "Osmic, Enis"]
[Black "Djuric, Anastasija"]
[Result "1-0"]
[WhiteElo "1552"]
[BlackElo "1078"]
[PlyCount "121"]
[EventDate "2019.11.22"]
[EventRounds "7"]
[EventCountry "BIH"]

1. e4 e5 2. Nf3 Nc6 3. Bc4 Bc5 4. d3 h6 5. O-O Nf6 6. Nc3 O-O 7. h3 d6 8. a3
Qe7 9. Nd5 Nxd5 10. Bxd5 Rb8 11. Be3 Bb6 12. Qd2 Bd7 13. Bxh6 Qf6 14. Be3 Bxe3
15. fxe3 Qg6 16. Nh4 Qh6 17. Nf5 Bxf5 18. exf5 Qf6 19. e4 Ne7 20. Ba2 c6 21. g4
Qh6 22. Qxh6 gxh6 23. Kh2 Kh7 24. Rg1 f6 25. h4 d5 26. Rg3 Rg8 27. Rag1 Rbc8
28. g5 fxg5 29. hxg5 Rxg5 30. Rxg5 hxg5 31. Rxg5 dxe4 32. dxe4 Rd8 33. f6 Ng8
34. Bxg8+ Rxg8 35. Rxe5 Rf8 36. Rf5 Kg6 37. Kg3 Rxf6 38. Rxf6+ Kxf6 39. Kf4 Ke6
40. e5 b6 41. Ke4 Ke7 42. Kf5 Kf7 43. e6+ Ke7 44. Ke5 c5 45. Kd5 c4 46. Kxc4
Kxe6 47. Kb5 Kd5 48. c4+ Kd4 49. b4 Kc3 50. c5 bxc5 51. bxc5 Kb3 52. c6 Kxa3
53. c7 a5 54. Kxa5 Kb3 55. c8=Q Ka3 56. Qh3+ Kb2 57. Kb4 Kc2 58. Qe3 Kd1 59.
Qf2 Kc1 60. Kc3 Kd1 61. Qd2#  1-0

[Event "8th ITLukavac 2019"]
[Site "Lukavac, hotel Lukavac"]
[Date "2019.11.25"]
[Round "7"]
[Board "41"]
[White "Hrncic, Amer"]
[Black "Siljegovic, Nadina"]
[Result "1/2-1/2"]
[WhiteElo "1458"]
[BlackElo "1247"]
[PlyCount "44"]
[EventDate "2019.11.22"]
[EventRounds "7"]
[EventCountry "BIH"]

1. d4 d5 2. Nf3 Nf6 3. c4 Nc6 4. Nc3 Bg4 5. Bg5 Bxf3 6. exf3 dxc4 7. Bxc4 Qxd4
8. Bxf7+ Kxf7 9. Qb3+ e6 10. Qxb7 Rd8 11. Qxc6 Qe5+ 12. Be3 Nd5 13. Nxd5 Rxd5
14. O-O Bd6 15. g3 Qxb2 16. Qd7+ Kf6 17. Rfe1 Bb4 18. Bc1 Rxd7 19. Bxb2+ Kf7
20. Re4 Bc5 21. Rc1 Rd2 22. Rf4+ Ke7  1/2-1/2